[Event "SR 2. liga A 2004/2005"]
[Site "?"]
[Date "2005.02.06"]
[Round "9.8"]
[White "Synak, Jan"]
[Black "Hoferek, Peter"]
[Result "1-0"]
[WhiteElo "1777"]
[BlackElo "1934"]
[PlyCount "81"]
[EventDate "2004.??.??"]

1. c4 e5 2. Nc3 Nf6 3. g3 c6 4. d4 Bd6 5. Nf3 exd4 6. Qxd4 Be7 7. Bf4 O-O 8.
Bxb8 Rxb8 9. Qxa7 Qc7 10. Bg2 Bb4 11. Qd4 d6 12. O-O Re8 13. e3 Bxc3 14. Qxc3
d5 15. Rfd1 Ne4 16. Qc2 dxc4 17. Qxc4 Ra8 18. Nd4 Ng5 19. Nb5 Qe7 20. Nd6 Rd8
21. Nxc8 Raxc8 22. h4 Ne6 23. Bh3 Kf8 24. Bxe6 fxe6 25. Qe4 g6 26. Qe5 Kf7 27.
h5 Rd5 28. hxg6+ hxg6 29. Rxd5 cxd5 30. Rd1 Qf6 31. Qxf6+ Kxf6 32. Rd4 Ke5 33.
Rb4 Rc7 34. Kg2 Rf7 35. f4+ Kd6 36. Rb6+ Kc5 37. Rxe6 Rg7 38. Kf3 Kc4 39. g4
Kd3 40. Rd6 Kc4 41. b3+ {
partia skoncila v 71. tahu, dalsi priebeh sa zo zapisov neda zrekonstruovat}
1-0

[Event "SR 2. liga A 2004/2005"]
[Site "?"]
[Date "2005.02.06"]
[Round "9.8"]
[White "Zdrazil, Bohumir"]
[Black "Kolesar, Rastislav"]
[Result "1-0"]
[WhiteElo "1977"]
[BlackElo "1865"]
[PlyCount "52"]
[EventDate "2004.??.??"]

1. e4 e5 2. Nf3 Nc6 3. Bb5 a6 4. Ba4 d6 5. O-O Bg4 6. c3 d5 7. h3 h5 8. exd5
Qxd5 9. Bb3 Qd3 10. hxg4 hxg4 11. Bxf7+ Kd8 12. Ng5 Bc5 13. Qxg4 Nf6 14. Qc4
Qf5 15. d4 Bd6 16. Qe6 Qd3 17. Bh5 Nd7 18. Nf7+ Kc8 19. Nxh8 Qh7 20. Qe8+ Nd8
21. Nf7 Kb8 22. Nxd6 cxd6 23. Bg6 Qh4 24. Qxd7 Ka7 25. dxe5 Nc6 26. Be3+ Kb8
1-0

[Event "SR 2. liga A 2004/2005"]
[Site "?"]
[Date "2005.03.19"]
[Round "10.1"]
[White "Bisco, Igor"]
[Black "Tepper, Frantisek"]
[Result "0-1"]
[WhiteElo "2177"]
[BlackElo "2222"]
[PlyCount "43"]
[EventDate "2004.??.??"]

1. e4 e5 2. Nf3 Nf6 3. Nxe5 d6 4. Nf3 Nxe4 5. d4 d5 6. Bd3 Nc6 7. Nc3 Bb4 8.
O-O Bxc3 9. bxc3 O-O 10. c4 Re8 11. cxd5 Qxd5 12. c4 Qh5 13. d5 Nb4 14. Qa4 Bh3
15. Bxe4 Rxe4 16. Ng5 Bxg2 17. Nxe4 Bf3 18. Qd7 Bxe4 19. f3 Bxf3 20. Bf4 Nc2
21. Rae1 Nxe1 22. Rxe1 {dalej su oba partiare necitatelne} 0-1

[Event "SR 2. liga A 2004/2005"]
[Site "?"]
[Date "2005.03.19"]
[Round "10.1"]
[White "Drtina, Milan"]
[Black "Biro, Karol"]
[Result "1/2-1/2"]
[WhiteElo "2301"]
[BlackElo "2227"]
[PlyCount "64"]
[EventDate "2004.??.??"]

1. e4 e6 2. d4 d5 3. Nd2 Nf6 4. Bd3 dxe4 5. Nxe4 Nbd7 6. Nf3 Nxe4 7. Bxe4 Nf6
8. Bd3 c5 9. O-O a6 10. Re1 cxd4 11. Nxd4 Be7 12. c3 O-O 13. Qe2 Re8 14. Bf4
Bd7 15. Be5 Qb6 16. a4 Rac8 17. a5 Qa7 18. Nc2 Bc6 19. b4 Nd7 20. Bd4 Qb8 21.
c4 Bd6 22. b5 axb5 23. cxb5 Bd5 24. Qg4 g6 25. Qh4 e5 26. Ne3 Be6 27. Bb2 Be7
28. Qh6 f6 29. Rec1 Nc5 30. Bxg6 hxg6 31. Qxg6+ Kf8 32. Qh6+ Kg8 1/2-1/2

[Event "SR 2. liga A 2004/2005"]
[Site "?"]
[Date "2005.03.19"]
[Round "10.1"]
[White "Harasta, Vladimir"]
[Black "Fraas, Martin"]
[Result "1/2-1/2"]
[WhiteElo "2140"]
[BlackElo "2194"]
[PlyCount "42"]
[EventDate "2004.??.??"]

1. c4 Nf6 2. Nc3 d5 3. cxd5 Nxd5 4. Nf3 Nxc3 5. bxc3 e6 6. g3 c6 7. Bg2 Be7 8.
O-O O-O 9. d4 b6 10. a4 Bb7 11. Ne5 Qc8 12. a5 c5 13. Qb3 Bxg2 14. Kxg2 Nc6 15.
Nxc6 Qxc6+ 16. f3 Bf6 17. axb6 Qxb6 18. Qxb6 axb6 19. Rxa8 Rxa8 20. dxc5 bxc5
21. Be3 Bxc3 1/2-1/2

[Event "SR 2. liga A 2004/2005"]
[Site "?"]
[Date "2005.03.19"]
[Round "10.1"]
[White "Lesny, Stefan"]
[Black "Matejovic, Juraj"]
[Result "1/2-1/2"]
[WhiteElo "2077"]
[BlackElo "2204"]
[PlyCount "38"]
[EventDate "2004.??.??"]

1. e4 c5 2. f4 g6 3. Nf3 Bg7 4. c3 Nc6 5. d3 d5 6. e5 Nh6 7. g3 O-O 8. Bg2 f6
9. exf6 Bxf6 10. O-O Nf7 11. Nbd2 Bf5 12. Nb3 b6 13. d4 c4 14. Nbd2 Bd3 15. Re1
Qd7 16. Nf1 Bg7 17. Ne3 e6 18. Ng4 Nd6 19. Nf2 Nf5 1/2-1/2

[Event "SR 2. liga A 2004/2005"]
[Site "?"]
[Date "2005.03.19"]
[Round "10.1"]
[White "Meszaros, Michal"]
[Black "Rohacek, Miroslav"]
[Result "1-0"]
[WhiteElo "2347"]
[BlackElo "2242"]
[PlyCount "89"]
[EventDate "2004.??.??"]

1. e4 Nf6 2. e5 Nd5 3. d4 d6 4. Nf3 Bg4 5. Be2 c6 6. Ng5 Bf5 7. Bd3 Bxd3 8.
Qxd3 g6 9. O-O h6 10. Ne4 dxe5 11. dxe5 Bg7 12. Rd1 Qc8 13. c4 Nc7 14. f4 O-O
15. Nbc3 Ne6 16. Qf3 Nd7 17. Be3 Qc7 18. Rac1 f5 19. exf6 Nxf6 20. Nxf6+ Rxf6
21. Nd5 cxd5 22. cxd5 Qd7 23. dxe6 Qxe6 24. Rc7 Rc8 25. Rxb7 Qxa2 26. Rxe7 Rf7
27. Rdd7 Rxe7 28. Rxe7 Qxb2 29. Qd5+ Kh7 30. h3 a6 31. Kh2 Rc2 32. Rb7 Qc3 33.
Qd4 Rxg2+ 34. Kh1 Qxd4 35. Bxd4 Rd2 36. Rxg7+ Kh8 37. Rd7+ Kg8 38. Rd6 Kf7 39.
Rf6+ Ke7 40. Be5 g5 41. Rxa6 gxf4 42. Bxf4 Rc2 43. Rxh6 Kf7 44. Rd6 Kg7 45. Bd2
1-0

[Event "SR 2. liga A 2004/2005"]
[Site "?"]
[Date "2005.03.19"]
[Round "10.1"]
[White "Smolen, Jan"]
[Black "Duben, Igor"]
[Result "1/2-1/2"]
[WhiteElo "2356"]
[BlackElo "2187"]
[PlyCount "52"]
[EventDate "2004.??.??"]
[TimeControl "240+2"]

{48MB, Fritz8.ctg, FRATRIC-A552EF0} 1. e4 e6 2. d4 d5 3. Nd2 dxe4 4. Nxe4 Nd7
5. Bd3 Ngf6 6. Qe2 Be7 7. Nf3 O-O 8. Bg5 c5 9. dxc5 Nxc5 10. Nxc5 Qa5+ 11. Bd2
Qxc5 12. O-O b6 13. Ne5 Bb7 14. c4 Rad8 15. Bc3 Nd7 16. b4 Qc7 17. Qh5 f5 18.
Nxd7 Rxd7 19. Qe2 Qc6 20. f3 e5 21. Rfe1 Bd6 22. c5 Bxc5+ 23. Kh1 Bd4 24. Bb5
Qxc3 25. Bxd7 Qxb4 26. Rac1 Qd6 1/2-1/2

[Event "SR 2. liga A 2004/2005"]
[Site "?"]
[Date "2005.03.19"]
[Round "10.2"]
[White "Chovanec, Vladimir"]
[Black "Obdrzalkova, Anita"]
[Result "0-1"]
[WhiteElo "2077"]
[BlackElo "2137"]
[PlyCount "84"]
[EventDate "2004.??.??"]

1. Nf3 Nf6 2. g3 d6 3. Bg2 e5 4. d3 Be7 5. c4 Nbd7 6. O-O O-O 7. Nc3 c6 8. b3
Qc7 9. Bb2 Nc5 10. b4 Ne6 11. a3 Nd4 12. Rc1 Nxf3+ 13. exf3 Bf5 14. Re1 Rad8
15. d4 exd4 16. Qxd4 Be6 17. Nd5 Bxd5 18. cxd5 c5 19. Qd3 b6 20. f4 Rfe8 21. h3
Qd7 22. Re3 Nh5 23. Be4 g6 24. f5 Bf6 25. Bxf6 Nxf6 26. fxg6 hxg6 27. Kg2 Nxe4
28. Rxe4 Rxe4 29. Qxe4 Re8 30. Qd3 Qe7 31. Rc4 Qe2 32. Qb3 Qd2 33. Rf4 Re5 34.
bxc5 dxc5 35. Ra4 a5 36. Qxb6 Qxd5+ 37. Kh2 Re1 38. Qb8+ Kg7 39. g4 Qh1+ 40.
Kg3 Qg1+ 41. Kf3 Qh1+ 42. Kg3 g5 0-1

[Event "SR 2. liga A 2004/2005"]
[Site "?"]
[Date "2005.03.19"]
[Round "10.2"]
[White "Machalova, Maria"]
[Black "Gasa, Andrej"]
[Result "0-1"]
[WhiteElo "2137"]
[BlackElo "2202"]
[PlyCount "132"]
[EventDate "2004.??.??"]

1. c4 c6 2. Nc3 d5 3. cxd5 cxd5 4. d4 Nc6 5. Bf4 Nf6 6. Nf3 Qb6 7. Qd2 Ne4 8.
Qc1 Nxc3 9. bxc3 Bf5 10. e3 h6 11. Be2 e6 12. O-O Rc8 13. c4 dxc4 14. Qxc4 Be7
15. Qb5 Qxb5 16. Bxb5 O-O 17. Ne5 Nxe5 18. Bxe5 Ba3 19. f3 Bc2 20. Kf2 Rfd8 21.
g4 a6 22. Be2 b5 23. h4 f6 24. Bg3 Rc3 25. g5 Bb2 26. Rae1 Ra3 27. gxf6 gxf6
28. Rg1 Kh7 29. Bd1 Bxd1 30. Rxd1 Bc3 31. Ke2 Rxa2+ 32. Kd3 b4 33. Bc7 Rd7 34.
Bb6 a5 35. Bc5 h5 36. Kc4 Rf2 37. Rgf1 Rxf1 38. Rxf1 a4 39. Bxb4 Bb2 40. Bc5
Rb7 41. Rb1 Rb3 42. Bb4 Bxd4 43. Rxb3 axb3 44. Kxb3 Bxe3 45. Be1 Kg6 46. Kc4
Kf5 47. Kd3 Kf4 48. Ke2 Bd4 49. Kd3 Bg1 50. Ke2 Bh2 51. Bc3 f5 52. Kf2 Bg3+ 53.
Kg2 Bxh4 54. Bd2+ Ke5 55. Be3 Kd5 56. Bb6 Kc4 57. Ba7 Kd3 58. Bb6 Ke2 59. Bc7
Bf2 60. Bd6 h4 61. f4 h3+ 62. Kxh3 Kf3 63. Kh2 Be3 64. Bb4 Bxf4+ 65. Kg1 e5 66.
Kf1 e4 0-1

[Event "SR 2. liga A 2004/2005"]
[Site "?"]
[Date "2005.03.19"]
[Round "10.2"]
[White "Mikita, Jozef"]
[Black "Felcir, Jaroslav"]
[Result "1/2-1/2"]
[WhiteElo "2209"]
[BlackElo "2208"]
[PlyCount "74"]
[EventDate "2004.??.??"]

1. e4 e5 2. Nf3 Nc6 3. Bc4 Bc5 4. c3 Nf6 5. d3 h6 6. O-O d6 7. b4 Bb6 8. a4 a6
9. Nbd2 O-O 10. Qb3 Nh5 11. Re1 Nf4 12. Nf1 Qf6 13. Bxf4 Qxf4 14. Ne3 Ne7 15.
a5 Ba7 16. d4 c6 17. Rad1 Ng6 18. dxe5 dxe5 19. Rd6 Kh7 20. Qd1 Bg4 21. Nxg4
Qxg4 22. h3 Qg3 23. Rd4 Bxd4 24. cxd4 Qf4 25. g3 Qf6 26. h4 exd4 27. e5 Qe7 28.
Qd3 Qxb4 29. h5 Qxa5 30. hxg6+ fxg6 31. Ng5+ Kh8 32. Qe4 Rf5 33. Nf7+ Kh7 34.
e6 Qd2 35. Qe2 Qxe2 36. Rxe2 b5 37. Ba2 c5 1/2-1/2

[Event "SR 2. liga A 2004/2005"]
[Site "?"]
[Date "2005.03.19"]
[Round "10.2"]
[White "Oprea, Erik"]
[Black "Horak, Ivan"]
[Result "1-0"]
[WhiteElo "2115"]
[BlackElo "2177"]
[PlyCount "75"]
[EventDate "2004.??.??"]

1. e4 c5 2. d4 cxd4 3. Nf3 d6 4. Nxd4 Nf6 5. Nc3 a6 6. Bg5 e6 7. Qd2 Nbd7 8. f3
Be7 9. O-O-O Qc7 10. Kb1 b5 11. Bd3 Bb7 12. Rhe1 O-O 13. h4 Rfd8 14. h5 Ne5 15.
g4 Nxd3 16. cxd3 Rac8 17. Rc1 Qd7 18. Be3 b4 19. Nce2 d5 20. e5 Ne8 21. f4 Nc7
22. f5 Nb5 23. Bg5 Bxg5 24. Qxg5 h6 25. Qf4 Nxd4 26. Nxd4 Rxc1+ 27. Rxc1 Rc8
28. f6 Rxc1+ 29. Qxc1 Qc8 30. Qe3 Qf8 31. g5 a5 32. Nb5 gxf6 33. gxf6 Ba6 34.
Nc7 Bc8 35. Ne8 Ba6 36. Kc2 Kh7 37. Nd6 Qg8 38. Qa7 1-0

[Event "SR 2. liga A 2004/2005"]
[Site "?"]
[Date "2005.03.19"]
[Round "10.2"]
[White "Petreje, Juraj"]
[Black "Skreno, Vladimir"]
[Result "1/2-1/2"]
[WhiteElo "2192"]
[BlackElo "2180"]
[PlyCount "122"]
[EventDate "2004.??.??"]

1. g3 g6 2. Bg2 Bg7 3. d3 d5 4. Nd2 c6 5. c4 dxc4 6. Nxc4 Nf6 7. Nf3 O-O 8. O-O
Bg4 9. Qb3 Qc8 10. Nce5 Bxf3 11. Nxf3 Nbd7 12. Qa3 Re8 13. Bd2 e5 14. Rac1 Bf8
15. Qb3 Nc5 16. Qc4 Qe6 17. Qxe6 Rxe6 18. b4 Ncd7 19. Bc3 Nd5 20. Bd2 Ree8 21.
Rb1 Nc7 22. a4 a6 23. Rfc1 Nb6 24. Ra1 Nbd5 25. Rc4 Rad8 26. Ne1 Nb6 27. Rc2
Nbd5 28. Rb1 Nb6 29. Ra2 h6 30. Kf1 Kh7 31. Be3 Nbd5 32. Bd2 Nb6 33. Rc1 Kg8
34. b5 axb5 35. Ba5 Nca8 36. axb5 cxb5 37. Bxb7 Rb8 38. Bc6 Rec8 39. Nf3 b4 40.
Rac2 Bd6 41. Nd2 Rc7 42. Bxa8 Rxc2 43. Rxc2 Nxa8 44. Nc4 Bf8 45. Rb2 f6 46. Ke1
Bc5 47. e3 Nb6 48. Bxb6 Bxb6 49. Kd1 Bc5 50. Kc2 Ra8 51. Kb1 Kf7 52. Ra2 Rd8
53. Ra5 Be7 54. Kc2 h5 55. Ra7 Ke6 56. h3 Rc8 57. Kb3 Rd8 58. Ra6+ Kf7 59. Kc2
Rd7 60. Ra8 Rc7 61. Kb3 Rd7 1/2-1/2

[Event "SR 2. liga A 2004/2005"]
[Site "?"]
[Date "2005.03.19"]
[Round "10.2"]
[White "Polacik, Igor"]
[Black "Kralovic, Andrej"]
[Result "1/2-1/2"]
[WhiteElo "2014"]
[BlackElo "2062"]
[PlyCount "68"]
[EventDate "2004.??.??"]
[TimeControl "240+2"]

{48MB, Fritz8.ctg, FRATRIC-A552EF0} 1. e4 c6 2. Nc3 d5 3. Nf3 Bg4 4. h3 Bxf3 5.
Qxf3 e6 6. Be2 Nf6 7. d3 Bb4 8. e5 d4 9. a3 dxc3 10. axb4 Qd4 11. Qe3 Qxe3 12.
Bxe3 cxb2 13. Rb1 Nd5 14. Rxb2 Nxe3 15. fxe3 Nd7 16. d4 a6 17. O-O Ke7 18. c4
Rhc8 19. Bf3 Rc7 20. Ra1 Rac8 21. Be4 h6 22. Kf2 Nb6 23. Bd3 Nd7 24. Ra5 Nb8
25. Ra1 Nd7 26. Be2 g6 27. Raa2 f6 28. exf6+ Nxf6 29. Bf3 Rf8 30. Ke2 e5 31.
dxe5 Nd7 32. b5 axb5 33. cxb5 Nxe5 34. Ra7 Rfc8 1/2-1/2

[Event "SR 2. liga A 2004/2005"]
[Site "?"]
[Date "2005.03.19"]
[Round "10.3"]
[White "Bebiak, Jozef"]
[Black "Bury, Rastislav"]
[Result "1-0"]
[WhiteElo "2122"]
[BlackElo "2053"]
[PlyCount "111"]
[EventDate "2004.??.??"]

1. e4 e5 2. Nf3 Nc6 3. d4 exd4 4. Bc4 Nf6 5. O-O Nxe4 6. Re1 d5 7. Nc3 dxc4 8.
Rxe4+ Be6 9. Nxd4 Nxd4 10. Rxd4 Qc8 11. Bg5 f6 12. Bxf6 gxf6 13. Qh5+ Bf7 14.
Re1+ Be7 15. Qh6 Qf5 16. Ne4 Be6 17. Ng3 Qg5 18. Qxg5 fxg5 19. Rxe6 Kf7 20. Re1
Rad8 21. Rxc4 Rd7 22. Nf5 Bf6 23. c3 Re8 24. Kf1 Rxe1+ 25. Kxe1 Ke6 26. Ne3 h5
27. Ke2 Be5 28. g3 Kf6 29. Re4 Bd6 30. Re8 c6 31. h3 a5 32. Nc4 Bc7 33. Rf8+
Kg6 34. f4 gxf4 35. gxf4 b5 36. Ne3 b4 37. Rg8+ Kf7 38. Rg5 Re7 39. Rxh5 Kg6
40. Rg5+ Kf6 41. Kf3 Rh7 42. Ng4+ Ke6 43. f5+ Kf7 44. Kg2 c5 45. Rg6 Bf4 46.
Ra6 Rh5 47. f6 Be5 48. Rxa5 bxc3 49. Ra7+ Kf8 50. bxc3 Bxc3 51. Rc7 Rg5 52. Kf3
Bd4 53. Nh6 Re5 54. Rh7 Ke8 55. Rh8+ Kd7 56. f7 1-0

[Event "SR 2. liga A 2004/2005"]
[Site "?"]
[Date "2005.03.19"]
[Round "10.3"]
[White "Cvicela, Anton"]
[Black "Bronis, Marian"]
[Result "1-0"]
[WhiteElo "2185"]
[BlackElo "2161"]
[PlyCount "63"]
[EventDate "2004.??.??"]

1. e4 c5 2. Nf3 e6 3. d4 cxd4 4. Nxd4 Nc6 5. Nxc6 bxc6 6. Bd3 Nf6 7. O-O e5 8.
c4 Be7 9. Nc3 O-O 10. f4 d6 11. f5 d5 12. cxd5 cxd5 13. exd5 Nxd5 14. Be4 Qb6+
15. Kh1 Nxc3 16. bxc3 Ba6 17. Bxa8 Bxf1 18. Bd5 Ba6 19. Qc2 Rc8 20. Bb2 Rb8 21.
Rb1 Qe3 22. c4 Bc5 23. Rd1 Bd4 24. Bxd4 exd4 25. h3 Rc8 26. Qa4 Qe2 27. Rb1 Qd3
28. Re1 Rf8 29. Qxa6 Qxf5 30. Qxa7 Qf2 31. Rd1 Re8 32. Qxd4 1-0

[Event "SR 2. liga A 2004/2005"]
[Site "?"]
[Date "2005.03.19"]
[Round "10.3"]
[White "Jablonicky, Frantisek"]
[Black "Rovnak, Peter"]
[Result "1-0"]
[WhiteElo "2192"]
[BlackElo "2135"]
[PlyCount "95"]
[EventDate "2004.??.??"]

1. d4 Nf6 2. g3 g6 3. Bg2 Bg7 4. c4 O-O 5. Nc3 c6 6. e4 d6 7. Nf3 d5 8. e5 Ne4
9. Qb3 dxc4 10. Qxc4 Nxc3 11. bxc3 Na6 12. Ng5 h6 13. Ne4 Be6 14. Qe2 c5 15.
Be3 Qa5 16. O-O Rac8 17. Qd2 Rfd8 18. Bxh6 cxd4 19. Bxg7 Kxg7 20. Qg5 dxc3 21.
Nf6 Rh8 22. Bxb7 Rc5 23. Ne4 Rc7 24. Bxa6 Qxa6 25. Qe3 Qc4 26. Rfc1 c2 27. a4
Bf5 28. Nd2 Qg4 29. e6 f6 30. f4 Bxe6 31. Nf3 Bd5 32. Nd4 Qc8 33. Qf2 Be4 34.
Re1 Bf5 35. Rac1 Rc4 36. Rxe7+ Kg8 37. Nxf5 Qxf5 38. Qxa7 Qc5+ 39. Qxc5 Rxc5
40. Re2 Kg7 41. Rexc2 Rxc2 42. Rxc2 Ra8 43. Ra2 Kf7 44. h4 Ra5 45. Kf2 Ke6 46.
Ke3 Kd5 47. Kd3 Kc5 48. Kc3 1-0

[Event "SR 2. liga A 2004/2005"]
[Site "?"]
[Date "2005.03.19"]
[Round "10.3"]
[White "Kovarik, Oto"]
[Black "Pacher, Milan"]
[Result "1-0"]
[WhiteElo "2100"]
[BlackElo "2063"]
[PlyCount "139"]
[EventDate "2004.??.??"]

1. e4 e6 2. d4 d5 3. exd5 exd5 4. Nf3 Bd6 5. Bd3 Ne7 6. Nc3 c6 7. O-O O-O 8.
Bg5 Qb6 9. b3 Bg4 10. Re1 Ng6 11. Be3 f5 12. Na4 Qc7 13. h3 Bh5 14. c4 Bf4 15.
Nc5 Qf7 16. Ne6 Qxe6 17. Bxf4 Qf7 18. Bd6 Rd8 19. c5 Qf6 20. Be2 Nd7 21. Qd3
Re8 22. Rad1 Re4 23. Kf1 Rae8 24. Ng1 Qg5 25. Bxh5 Qxh5 26. f3 Rxe1+ 27. Rxe1
Rxe1+ 28. Kxe1 Qg5 29. Qe2 Kf7 30. Qd2 f4 31. Kf1 Nf6 32. Ne2 Qf5 33. Qb4 Qd7
34. Nxf4 Nxf4 35. Bxf4 Ke8 36. Be5 Kf7 37. Qd2 Qf5 38. Kg1 a6 39. Kh2 Kg8 40.
Qe2 Qe6 41. Qe3 h6 42. Qf4 Nd7 43. Bd6 Nf6 44. Qe5 Kf7 45. b4 Nd7 46. Qxe6+
Kxe6 47. g4 b5 48. Kg3 Kf6 49. h4 g6 50. Bc7 Ke6 51. Bf4 h5 52. Bg5 Nf8 53. Kf4
Nh7 54. Bh6 hxg4 55. fxg4 Nf6 56. Bg5 Ne4 57. h5 Kf7 58. h6 Kg8 59. Bh4 Kh7 60.
Ke5 Kxh6 61. Ke6 Nc3 62. Be1 Nxa2 63. Bd2+ Kg7 64. Kd6 a5 65. bxa5 b4 66. a6 b3
67. a7 b2 68. a8=Q b1=Q 69. Qa7+ Kg8 70. Bh6 1-0

[Event "SR 2. liga A 2004/2005"]
[Site "?"]
[Date "2005.03.19"]
[Round "10.3"]
[White "Seitler, Andrej"]
[Black "Machalova, Veronika"]
[Result "1/2-1/2"]
[WhiteElo "2201"]
[BlackElo "2176"]
[PlyCount "86"]
[EventDate "2004.??.??"]

1. e4 c5 2. Nf3 d6 3. Bb5+ Bd7 4. Bxd7+ Qxd7 5. O-O Nc6 6. b3 Nf6 7. Re1 e6 8.
Bb2 Be7 9. c4 O-O 10. d4 cxd4 11. Nxd4 Rfd8 12. Nc3 Rac8 13. Nxc6 Qxc6 14. Qe2
a6 15. Rad1 Qc7 16. Rd3 Qa5 17. Red1 Qc5 18. Na4 Qc6 19. Nc3 b5 20. cxb5 axb5
21. Rd4 Rb8 22. Rb4 d5 23. exd5 Nxd5 24. Nxd5 Rxd5 25. Rxd5 Qxd5 26. Rd4 Qf5
27. g4 Qc5 28. Rd7 Rd8 29. Qd3 Rxd7 30. Qxd7 Qb4 31. Qd1 h6 32. h3 Qe4 33. Bd4
Bg5 34. Qa1 Qg6 35. a4 bxa4 36. bxa4 h5 37. a5 hxg4 38. hxg4 Qe4 39. a6 Qxg4+
40. Kf1 Qh3+ 41. Ke2 Qg4+ 42. Kd3 Qf3+ 43. Be3 Qf5+ 1/2-1/2

[Event "SR 2. liga A 2004/2005"]
[Site "?"]
[Date "2005.03.10"]
[Round "10.3"]
[White "Szollos, Ondrej"]
[Black "Marko, Vladimir"]
[Result "1-0"]
[WhiteElo "2101"]
[BlackElo "2037"]
[PlyCount "125"]
[EventDate "2004.??.??"]
[TimeControl "240+2"]

{48MB, Fritz8.ctg, FRATRIC-A552EF0} 1. Nf3 d5 2. d3 c5 3. c3 Nc6 4. Qc2 Bg4 5.
Nbd2 Nf6 6. e4 d4 7. Be2 e5 8. O-O Bd6 9. Re1 O-O 10. Nf1 h6 11. Ng3 Rc8 12.
Nh4 Re8 13. Nhf5 Bf8 14. Bxg4 Nxg4 15. Qe2 Nf6 16. c4 Kh7 17. Nf1 g6 18. N5g3
Ng8 19. h3 Bg7 20. Bd2 a6 21. a3 b5 22. b3 Rb8 23. Rab1 b4 24. axb4 Nxb4 25.
Rb2 Ne7 26. Qf3 Nec6 27. Ra1 Qf6 28. Qe2 Qe6 29. h4 f5 30. h5 f4 31. hxg6+ Qxg6
32. Nf5 Rb7 33. Nh2 Rg8 34. Bxb4 Bf6 35. f3 Nxb4 36. Ra5 Rc7 37. Rd2 h5 38. Qf2
Rc6 39. Ra3 Bd8 40. Kh1 Qg5 41. Ra1 Re6 42. Rg1 Nc6 43. g4 h4 44. Ra1 a5 45.
Nf1 Rh8 46. Kh2 Ne7 47. Kh3 Ng6 48. Rda2 Ra6 49. Nd2 Bc7 50. Nb1 Rha8 51. Ra4
Qf6 52. Na3 Bd8 53. Nb5 Kg8 54. Rg1 Qg5 55. Qe1 Rc6 56. Qa1 Rca6 57. Qa3 Bb6
58. Qa2 Bd8 59. Na3 R8a7 60. Nc2 Be7 61. b4 cxb4 62. c5+ Kf8 63. Nxb4 1-0

[Event "SR 2. liga A 2004/2005"]
[Site "?"]
[Date "2005.03.19"]
[Round "10.4"]
[White "Cambel, Vladimir"]
[Black "Kubis, Ivan"]
[Result "1-0"]
[WhiteElo "2039"]
[BlackElo "2064"]
[PlyCount "97"]
[EventDate "2004.??.??"]

1. Nf3 Nf6 2. c4 e6 3. g3 d5 4. d4 Be7 5. Bg2 O-O 6. O-O dxc4 7. Qc2 a6 8. a4
Bd7 9. Qxc4 Bc6 10. Nc3 b5 11. Qb3 b4 12. Nb1 a5 13. Nbd2 Nbd7 14. Qc2 Bb7 15.
e4 c5 16. Re1 Rc8 17. Nc4 cxd4 18. e5 Nd5 19. Nxd4 N7b6 20. b3 Ba6 21. Nb5 Nxc4
22. bxc4 Qb6 23. Be4 g6 24. Bb2 Nc3 25. Nxc3 bxc3 26. Bxc3 Bxc4 27. Qd2 Bb4 28.
Bxb4 Qxb4 29. Qxb4 axb4 30. Reb1 Rb8 31. a5 Bd5 32. Bxd5 exd5 33. Ra4 b3 34.
Ra3 b2 35. Ra2 Rfc8 36. Rbxb2 Rc1+ 37. Kg2 Rxb2 38. Rxb2 Ra1 39. Rb5 d4 40. Kf3
Kf8 41. Ke4 Ra4 42. Kd3 Ke7 43. f4 Kd7 44. Rb7+ Ke8 45. Ra7 h5 46. a6 Kf8 47.
Ra8+ Kg7 48. a7 Kh7 49. h3 1-0

[Event "SR 2. liga A 2004/2005"]
[Site "?"]
[Date "2005.03.19"]
[Round "10.4"]
[White "Kebis, Milos"]
[Black "Lahucky, Pavol"]
[Result "0-1"]
[WhiteElo "2097"]
[BlackElo "2089"]
[PlyCount "114"]
[EventDate "2004.??.??"]

1. c4 e5 2. Nc3 d6 3. g3 f5 4. Bg2 Nf6 5. d3 Be7 6. Nh3 O-O 7. O-O c6 8. a4 a5
9. Bd2 Na6 10. Na2 d5 11. cxd5 cxd5 12. Qb3 Nc5 13. Qc2 Bd7 14. Nc3 Bc6 15. Nb5
Ne6 16. Ng5 Nxg5 17. Bxg5 h6 18. Bd2 Kh8 19. d4 e4 20. Nc3 Qb6 21. e3 g5 22.
Rfb1 Rfc8 23. Bf1 Bd7 24. Qd1 Rg8 25. Bb5 Be6 26. Ne2 h5 27. b4 axb4 28. Bxb4
Bxb4 29. Rxb4 Qd6 30. Rab1 h4 31. Kf1 Ng4 32. h3 Nf6 33. Ke1 f4 34. exf4 hxg3
35. fxg3 gxf4 36. gxf4 Rg2 37. Kd2 Qxf4+ 38. Kc3 Rc8+ 39. Kb2 Qf3 40. Rb3 Qf2
41. Ka1 Nh5 42. Qd2 Qf6 43. Qb4 Rc2 44. R3b2 Rxb2 45. Rxb2 Bxh3 46. Qc3 Bg4 47.
Ka2 Qe7 48. Qc1 Bf5 49. Rc2 Qg5 50. Rc8+ Kh7 51. Rc7+ Kh6 52. Qb2 Nf4 53. Rc2
Nd3 54. Qa3 Rxe2 55. Qd6+ Qg6 56. Qf8+ Kg5 57. Qd8+ Kf4 0-1

[Event "SR 2. liga A 2004/2005"]
[Site "?"]
[Date "2005.03.19"]
[Round "10.4"]
[White "Krajnak, Robert"]
[Black "Miklas, Marian"]
[Result "0-1"]
[WhiteElo "2117"]
[BlackElo "2227"]
[PlyCount "88"]
[EventDate "2004.??.??"]

1. c4 g6 2. Nc3 Bg7 3. Nf3 c5 4. e3 Nf6 5. Be2 O-O 6. O-O Nc6 7. d3 d5 8. cxd5
Nxd5 9. Bd2 Nxc3 10. Bxc3 e5 11. Rc1 Qe7 12. a3 b6 13. Qa4 Bd7 14. Qa6 Rfc8 15.
Nd2 Nd4 16. Bxd4 exd4 17. e4 Rc7 18. f4 Rac8 19. a4 g5 20. f5 Be5 21. g3 Kg7
22. Rc2 Qe8 23. b3 f6 24. Nf3 Bd6 25. Kg2 Bc6 26. Rfc1 h5 27. Nd2 h4 28. Nc4
Be5 29. Nxe5 Qxe5 30. a5 b5 31. Bf3 c4 32. bxc4 Bb7 33. Qe6 Qxe6 34. fxe6 bxc4
35. Rxc4 Rxc4 36. Rxc4 Rxc4 37. dxc4 hxg3 38. Kxg3 Kf8 39. h4 gxh4+ 40. Kxh4 f5
41. Kg5 Bxe4 42. Bd1 Ke7 43. Kf4 Kxe6 44. Bf3 Kd6 0-1

[Event "SR 2. liga A 2004/2005"]
[Site "?"]
[Date "2005.03.19"]
[Round "10.4"]
[White "Lauf, Pavol"]
[Black "Petenyi, Tamas"]
[Result "1/2-1/2"]
[WhiteElo "2120"]
[BlackElo "2037"]
[PlyCount "56"]
[EventDate "2004.??.??"]

1. c4 c5 2. Nc3 Nc6 3. Nf3 g6 4. e3 Bg7 5. Be2 e6 6. Ne4 d6 7. O-O Nge7 8. Rb1
b6 9. d3 d5 10. Ned2 O-O 11. b3 d4 12. exd4 Nxd4 13. Nxd4 cxd4 14. Bf3 Rb8 15.
Ba3 Bb7 16. Bxb7 Rxb7 17. Qf3 Rd7 18. Ne4 Re8 19. Bc1 f5 20. Ng5 e5 21. Qh3 h5
22. f3 Nc6 23. f4 exf4 24. Bxf4 Ne5 25. Qg3 Rde7 26. h3 Qd7 27. Rbd1 Qc6 28.
Bc1 Nf7 1/2-1/2

[Event "SR 2. liga A 2004/2005"]
[Site "?"]
[Date "2005.03.19"]
[Round "10.4"]
[White "Sarmir, Milos"]
[Black "Hecko, Dusan"]
[Result "1/2-1/2"]
[WhiteElo "2160"]
[BlackElo "2137"]
[PlyCount "120"]
[EventDate "2004.??.??"]

1. e4 c6 2. d4 d5 3. exd5 cxd5 4. Nf3 Nf6 5. Bd3 Nc6 6. c3 Bg4 7. h3 Bxf3 8.
Qxf3 g6 9. O-O Bg7 10. Nd2 O-O 11. Qe2 a6 12. a4 Rc8 13. f4 e6 14. Nf3 Na5 15.
Be3 Nc4 16. Bf2 Qc7 17. Ne5 b5 18. axb5 axb5 19. Ra6 Ra8 20. Rfa1 Rxa6 21. Rxa6
Qb7 22. Ra2 Ra8 23. b3 Nd6 24. Qb2 Nfe4 25. Be1 h5 26. Qa1 Rxa2 27. Qxa2 Bf6
28. Qa5 Kg7 29. Be2 Be7 30. Bf3 Bf6 31. Nd3 Qb8 32. Nc5 Bd8 33. Qa6 Qb6 34.
Qxb6 Bxb6 35. Nxe4 Nxe4 36. Bxe4 dxe4 37. Bf2 f5 38. Kf1 Bc7 39. Be3 Kf7 40.
Ke2 Ke7 41. Kd2 Kd6 42. c4 bxc4 43. bxc4 Kc6 44. Ke2 Bd6 45. Bd2 Ba3 46. Kf2
Bb2 47. Be3 Bc3 48. g4 hxg4 49. hxg4 Ba5 50. Kg3 Bd8 51. Bd2 Kb6 52. Bb4 Ka6
53. gxf5 gxf5 54. Kf2 Ba5 55. Bxa5 Kxa5 56. Ke2 Kb4 57. c5 Kb5 58. Kd2 Kc6 59.
Kc2 Kd5 60. Kc3 Kc6 1/2-1/2

[Event "SR 2. liga A 2004/2005"]
[Site "?"]
[Date "2005.03.19"]
[Round "10.4"]
[White "Slovik, Vojtech"]
[Black "Syrovy, Ivan"]
[Result "1-0"]
[WhiteElo "2032"]
[BlackElo "2069"]
[PlyCount "93"]
[EventDate "2004.??.??"]
[TimeControl "240+2"]

{48MB, Fritz8.ctg, FRATRIC-A552EF0} 1. e4 c6 2. d4 d5 3. exd5 cxd5 4. Bd3 Nc6
5. c3 g6 6. h3 Bg7 7. Qb3 Nf6 8. Bf4 Nh5 9. Bh2 f5 10. Ne2 e6 11. Nf4 Qg5 12.
Nxh5 Qxh5 13. Bd6 Qg5 14. O-O Qd8 15. Bc5 Bf8 16. Bxf8 Kxf8 17. Nd2 Rg8 18.
Rfe1 g5 19. Re3 Qc7 20. Rae1 Bd7 21. Qd1 Re8 22. Qh5 Re7 23. Qh6+ Ke8 24. Bxf5
exf5 25. Qxh7 Be6 26. Rxe6 Rf8 27. Qg6+ Kd7 28. Rxe7+ Nxe7 29. Qxg5 Qd6 30. Qg7
Qf6 31. Qxf6 Rxf6 32. Nf3 Ra6 33. a3 Rb6 34. Re2 Kd6 35. Ng5 Kd7 36. h4 Nc6 37.
b4 a5 38. Nf7 Ne7 39. Ne5+ Kd6 40. c4 Ra6 41. c5+ Kc7 42. Nf7 Ng8 43. b5 Rg6
44. b6+ Kc8 45. Nd6+ Kd7 46. Nxb7 Rg4 47. Nxa5 1-0